000 00238nam a2200097Ia 4500
001 837012
005 20250826172525.0
008 250824s9999 xx 000 0 und d
245 0 _aYOLCULUK
_cFRANCESCA SANNA
260 _bTAZE KİTAP YAYINLARI
999 _c837012
_d837012